000
00287nam a22001217a 4500
008
181101b xxu||||| |||| 00| 0 eng d
041
_a
eng
080
_a
781
100
_a
44
101
_a
MUZI
245
_a
Classical Music The Illustrated Encyclopedia
_c
Salter.L
942
_2
udc
_c
BK
999
_c
51559
_d
51559